000
00331nam a2200157Ia 4500
100
_a
Sedha/R/S
650
_a
Applied electronics
942
_c
BK
366
_f
20
245
_a
Text book fo applied electronics
260
_b
S.Chand & C0
_c
1990
082
_a
621.382
_b
SED
300
_a
992
546
_a
ENGLISH
999
_c
32180
_d
32180